Welcome to CU Library Online Public Access Catalogue (OPAC)

Microbiology/ (Record no. 2605)

MARC details
000 -LEADER
fixed length control field 00524nam a22001577a 4500
005 - DATE AND TIME OF LATEST TRANSACTION
control field 20250117100300.0
008 - FIXED-LENGTH DATA ELEMENTS--GENERAL INFORMATION
fixed length control field 250117b |||||||| |||| 00| 0 eng d
020 ## - INTERNATIONAL STANDARD BOOK NUMBER
International Standard Book Number 06140683x
050 ## - LIBRARY OF CONGRESS CALL NUMBER
Classification number QR1
Item number .M618
245 ## - TITLE STATEMENT
Title Microbiology/
Remainder of title including immunology and molecular genetics
Statement of responsibility, etc. Bernard D. Davis et al.,
250 ## - EDITION STATEMENT
Edition statement 2nd ed.
260 ## - PUBLICATION, DISTRIBUTION, ETC.
Place of publication, distribution, etc. New York, San Francisco, London
Name of publisher, distributor, etc. Medical Department, Harper & Row
Date of publication, distribution, etc. 1973
300 ## - PHYSICAL DESCRIPTION
Extent xv. 1562p.
Other physical details ill. some color
Dimensions 26.5cm
700 ## - ADDED ENTRY--PERSONAL NAME
Personal name Davis, Bernard D.
942 ## - ADDED ENTRY ELEMENTS (KOHA)
Source of classification or shelving scheme Library of Congress Classification
Koha item type Books
Edition 2nd ed.
Suppress in OPAC No
999 ## -
-- 2605
-- 2605
Holdings
Withdrawn status Lost status Source of classification or shelving scheme Damaged status Not for loan Collection Home library Current library Shelving location Date acquired Total checkouts Full call number Barcode Date last seen Copy number Price effective from Koha item type
    Library of Congress Classification     Non-fiction Science Library (Miotso) Science Library (Miotso) General stacks 01/17/2025   QR1 .M618 MIC SLM00001873 01/17/2025 1 01/17/2025 Books
© 2023-2024 Copyright: Central University Libraries. All Rights Reserved | Created by: Mahone Tech Office